000 00473cam a2200169ua 4500
001 6749
008 140212n ii |||gr||||Z||||||asm
040 _cMAIN
082 _a519.5
245 _aSnatak banijyik ganit aru parisankhya bigyan
_cBy Surendranath ghosh
260 _aGuwahati:
_bStudents stores,
_c1992.
300 _ax,258p.
653 _aCommerce
653 _aSnatak banijyik ganit aru parisankhya bigyan
700 _aGhosh,Surendranath,
_eAuthor.
942 _cBK
999 _c5897
_d5897